Statystyki dla QUIZ ROZPOZNAJ KRAJ PO STOLICY

Kliknij tutaj aby rozwiązać quiz!

Ogólne statystyki

  • Ten quiz został rozwiązany 30 razy
  • Średni wynik to 18 z 25

Statystyki odpowiedzi

HintOdpowiedź% Poprawnych
DUBLINIRLANDIA
100%
RYGAŁOTWA
100%
VALLETTAMALTA
100%
MEKSYKMEKSYK
100%
HAWANAKUBA
96%
WELLINGTONNOWA ZELANDIA
96%
NOWE DELHIINDIE
92%
VADUZLIECHTENSTEIN
92%
LA PAZBOLIWIA
88%
SANTIAGOCHILE
88%
MANILAFILIPINY
88%
KINGSTONJAMAJKA
80%
ANTATANARYWAMADAGASKAR
80%
NAIROBIKENIA
76%
ISLAMABADPAKISTAN
76%
DUSZANBETADŻYKISTAN
68%
CHARTUMSUDAN
64%
ASZCHABATTURKMENISTAN
64%
PARAMARIBOSURINAM
52%
SUVAFIDŻI
44%
MONROVIALIBERIA
44%
VICTORIASESZELE
36%
BAMAKOMALI
32%
KAUNDEKAMERUN
28%
YARENNAURU
20%

Rozkład punktacji

Percentyl według liczby udzielonych odpowiedzi

Procent ludzi z każdym wynikiem

Twoja historia wyników

Nie rozwiązałeś tego quizu